| 000 | 00517nam a2200157 a 4500 | ||
|---|---|---|---|
| 008 | 120416s1987 ||||||||||||||||| || u | ||
| 020 | _a0713135980 | ||
| 050 | _aQA 76.73.P25 Kem | ||
| 100 | _aKemp, R | ||
| 245 | 1 | 0 | _aPASCAL for students |
| 250 | _a2nd ed. | ||
| 260 |
_aLondon _bEdward Arnold _c1987 |
||
| 300 | _aix, 258p. : ill. | ||
| 350 | _a0.00 | ||
| 995 |
_D0.00 _FCBU-MAIN LIBRARY (Kitwe) _H1 _I7.95 _M1 _UAVAILABLE _ZMain Library Open Access Collection |
||
| 999 |
_c53170 _d53170 |
||